00673nam a22002297a 4500003000200000005001700002008000200019010001300021020002600034035002300060037001600083040001500099082001300114100001800127245008200145260003600227270006100263300003200324500004900356650001400405650002400419020180704111836.00 aB-109701 c150.00a9781845570316 aB-109701, B-109703 bCen Lib/Ret aDPLbENc0 a613bDEV aDevaraj, T. L aHealth & longevity through ayurveda, yoga and nature cure /cby T. L. Devaraj aNew DelhibNew Dawn Pressc2003 aA-59, Okhla Industrial Area, Phase-IIbNew Delhie110020 axi,292p. :c21cm(pbk)bill. aIncludes bibliographical references  aLongevity aMedicine, Ayurvedic